000 00931nas a2200277 4500
001 BR8707081
003 BR-BrBNA
005 20231205090910.0
007 ta
008 230509b bl.|||p| |||| 00| 00por d
040 _aBR-BrBNA
_bpor
_cBiblioteca Nacional de Agricultura
041 _a(Pt)
072 _aL02
100 1 _aZambrano, M.S.
100 1 _aBertoni, V.R.
100 1 _aMielke, P.V.
245 1 _aInvestigacao sobre possivel reacao tecidual em bovinos tratados com complexo de aminociados e vitamina B12
246 1 _aInvestigation about a possible tissue reaction in bovines treated with a complex of aminoacids and vitamin B12
650 _aBOVINO
650 _aGANHO DE PESO
650 _aVITAMINA B-12
650 _aAMINOACIDO
773 0 _tHora Veterinaria (Brazil)
_xISSN 0101-9163
_g(Mar-Apr 1987), v. 6(36) p. 43-45
_wBR8707081
909 _a202311
_bLúcia
_c55
_dLúcia Elande
942 _2AGRIS
_n0
_cANA
999 _c121516
_d121516